|
|
|
|
| LEADER |
01864nam a2200349 a 4500 |
| 001 |
1565 |
| 003 |
BD-DhAAL |
| 005 |
20150420120013.0 |
| 008 |
150420s1991 caua b 001 0 eng |
| 010 |
|
|
|a 90024086
|
| 020 |
|
|
|a 0899081754 (lib. bdg.)
|
| 020 |
|
|
|a 0899081509 (pbk.)
|
| 040 |
|
|
|a DLC
|c DLC
|d DLC
|d BD-DhAAL
|
| 050 |
0 |
0 |
|a HC110.E5
|b E49835 1991
|
| 082 |
0 |
0 |
|a 363.7
|2 20
|
| 245 |
0 |
4 |
|a The Environmental crisis--opposing viewpoints /
|c Neal Bernards, book editor.
|
| 260 |
|
|
|a San Diego, CA :
|b Greenhaven Press,
|c c1991.
|
| 300 |
|
|
|a 288 p. :
|b ill. ;
|c 23 cm.
|
| 490 |
1 |
|
|a Opposing viewpoints series
|
| 504 |
|
|
|a Includes bibliographical references and index.
|
| 520 |
|
|
|a Presents opposing views on questions of environmental protection and damage resulting from air and water pollution, toxic wastes, pesticides, and the ever-growing tide of refuse.
|
| 541 |
|
|
|e 1565
|
| 650 |
|
0 |
|a Environmental policy
|z United States.
|9 10579
|
| 650 |
|
1 |
|a Environmental protection.
|9 10580
|
| 700 |
1 |
|
|a Bernards, Neal,
|d 1963-
|9 10581
|
| 830 |
|
0 |
|a Opposing viewpoints series (Unnumbered)
|9 8059
|
| 942 |
|
|
|2 ddc
|c BK
|
| 999 |
|
|
|c 34280
|d 34280
|
| 952 |
|
|
|0 0
|1 0
|2 ddc
|4 0
|6 363_700000000000000_ENV
|7 0
|9 53515
|a SCL
|b SCL
|c GEN
|d 2015-04-20
|e Gift: The Asia Foundation
|l 0
|o 363.7 ENV
|p 3020001565
|r 2015-04-20
|t 1
|w 2015-04-20
|y BK
|
| 952 |
|
|
|0 0
|1 0
|2 ddc
|4 0
|6 363_700000000000000_ENV
|7 0
|9 53516
|a SCL
|b SCL
|c GEN
|d 2015-04-20
|e Gift: The Asia Foundation
|l 1
|o 363.7 ENV
|p 3020001566
|r 2025-05-09
|s 2025-05-09
|t 2
|w 2015-04-20
|y BK
|
| 952 |
|
|
|0 0
|1 0
|2 ddc
|4 0
|6 363_700000000000000_ENV
|7 0
|9 53520
|a SCL
|b SCL
|c GEN
|d 2015-04-20
|e Gift: The Asia Foundation
|l 0
|o 363.7 ENV
|p 3020001739
|r 2015-04-20
|t 3
|w 2015-04-20
|y BK
|
| 952 |
|
|
|0 0
|1 0
|2 ddc
|4 0
|6 363_700000000000000_ENV
|7 0
|9 54072
|a SCL
|b SCL
|c GEN
|d 2015-06-07
|e Gift: The Asia Foundation
|l 1
|m 1
|o 363.7 ENV
|p 3020001738
|r 2022-04-25
|s 2022-04-13
|t 4
|w 2015-06-07
|y BK
|